000 01291cad a22002295a 4500
001 L149292
008 100217s2009 xxkd f s 000 0 eng d
035 _a(Sirsi) u149292
041 0 _aeng
050 0 4 _a346.4172 $2 18
110 2 _aRoyal Institution of Chartered Surveyors
_bEconomics
_95033
245 0 0 _aRICS Arts and antiques market survey
_bsecond quarter
_h[electronic resource]
260 _aLondon
_RICS
_c2009
490 0 _aRICS Arts and Antiques Market Survey
_vSecond Quarter 2009
520 _aThe net balance of surveyors reporting rising rather than falling prices fell back in the second quarter but it still remains positive overall. The All Lot net price balance slipped from +19 to +7. The best performing sub-sector was silverware with strong readings in all price bands, followed by militaria and then jewellery. Confidence in the supply outlook for Q3 fell back slightly whereas confidence in the demand outlook strengthened for the second successive quarter.
590 _aKA
650 2 4 _aRICS ARTS AND ANTIQUES MARKET SURVEY
651 4 _aUnited Kingdom
_y
690 _aArts and antiques
_96217
856 4 0 _uhttps://www.rics.org/site/download_feed.aspx?fileID=3247&fileExtension=PDF
_zView the market survey free of charge at www.rics.org...
942 _n0
999 _c110459
_d110459